Statistics for Largest Cities In Ohio

Click here to take the quiz!

General Stats

  • This quiz has been taken 57 times
  • The average score is 7 of 11

Answer Stats

Pop.City% Correct
301,301Cincinnati
100%
385,525Cleveland
100%
879,170Columbus
100%
197,846Akron
86%
276,491Toledo
86%
140,371Dayton
80%
64,604Youngstown
55%
70,909Canton
52%
79,167Parma
32%
63,841Lorain
25%
62,092Hamilton
20%

Score Distribution

Percentile by Number Answered

Percent of People with Each Score

Your Score History

You have not taken this quiz